| 000 | 00364nam a2200157Ia 4500 | ||
|---|---|---|---|
| 008 | 200103s9999||||xx |||||||||||||| ||und|| | ||
| 020 | _a9780750652315 | ||
| 040 | _aIMU-MPC | ||
| 082 | _aColumn-6 | ||
| 100 | _aHouse, D. J | ||
| 245 | 0 | _aSeamanship techniques | |
| 250 | _a2nd ed. | ||
| 260 |
_bElsevier Science Publishers _c2001 |
||
| 300 | _a323 | ||
| 942 | _cBK | ||
| 999 |
_c3559 _d3559 |
||